LEADER 01159nam a2200253 i 4500 001 000000184811 003 CaOOAMICUS 005 20200805094248.0 008 151016s1961 it u000 u fre u 013 $a162796 040 $aSeMil$bita 100 1 $aGodin, André .$0(OLS)http://semarc/name/33910 245 10$aAdulte et enfant devant Dieu :$bétudes de psychologie religieuse /$cprésentées par A. Godin. 260 $aWashington ; Bruxelles :$bLumen Vitae,$c1961. 300 $a182 p. :$btab. ;$c23 cm. 650 4$aPsicologia religiosa.$0(OLS)http://semarc/subject/637 830 0$aCahiers de Lumen Vitae ;$v16.$0(OLS)http://semarc/title/934 830 0$aCahiers de Lumen Vitae. Psychologie religieuse ;$v2.$0(OLS)http://semarc/title/430366 850 $aSeMil 852 $aSeMil$W1$xVenegono$y1$m2O IV 384$j135503$B135503$CSeMilBibl$Z2$F207797 $81 961 $aOmaggio: Martinelli don Romano 996 $6245$aAdulte et enfant devant Dieu :$bétudes de psychologie religieuse$9(OLS)http://semarc/title/265392 996 $6260$aWashington ; Bruxelles :$bLumen Vitae$9(OLS)http://semarc/publisher/39379 LEADER 01297nam a2200289 i 4500 001 000000124603 003 CaOOAMICUS 005 20250512152110.0 008 040511s2002 it u000 u ita u 020 $a88-8065-207-9 040 $aSeMil$bita 100 1 $aAllegra, Antonio <1965- >.$0(OLS)http://semarc/name/51767 245 13$aLe trasformazioni della soggettività :$bCharles Taylor e la tradizione del moderno /$cAntonio Allegra. 264 1$aRoma :$bAVE,$c2002. 300 $a163 p. ;$c24 cm. 490 1 $aPolis ;$v12 650 04$aTaylor, Charles <1931- > - Pensiero filosofico.$0(OLS)http://semarc/subject/16442 650 4$aFilosofia politica.$0(OLS)http://semarc/subject/358 650 4$aFilosofia morale.$0(OLS)http://semarc/subject/232 830 0$aPolis ;$v12.$0(OLS)http://semarc/title/578 850 $aSeMil 852 $aSeMil$W1$xVenegono$y1$m3TA O 12$j256773$B79145$CSeMilBibl$Z2$F82795 $81 961 $aSottoscrizione: Istituto «Vittorio Bachelet» 996 $6020$a88-8065-207-9$9(OLS)http://semarc/number/110378 996 $6245$aLe trasformazioni della soggettività :$bCharles Taylor e la tradizione del moderno$9(OLS)http://semarc/title/183357 996 $6264$aRoma :$bAVE$9(OLS)http://semarc/publisher/30251